000 00674nam a2200241Ia 4500
003 OSt
005 20220918180055.0
006 a|||||r|||| 00| 0
007 ta
008 220917b |||||||| |||| 00| 0 eng d
024 _a20,492
037 _cTextual
040 _aARTS
_cARTS
_beng
041 _2eng
_aeng
082 _aO111,3M96:g, K5
100 _aKuehl John
_955604
245 0 _aApprentice fiction of F Scott Fitzgerald 1909-1917
260 _aNew Jersey
_bRutgers University Press USA
_c1965
300 _aviii,184p.
_ccm.
650 _aENGLISH LITERATURE
942 _hO111,3M96:g, K5
_cTEXL
_2CC
999 _c160221
_d160221